Movies Quiz

Random Movies or Actor Quiz
Score 0/15 Timer 05:00
1 Play Today
Question Answer Wrong Answers
TELEVISION: Which actor became famous after joining the cast of Cheers in season four? Woody Harrelson
88%
Kevin Bacon
3.1%
Tim Robbins
3.1%
Alec Baldwin
4.3%
MUSIC: What musical instrument does actor and comedian Steve Martin play? Banjo
77.7%
Saxophone
17.2%
Viola
1.5%
Xylophone
2.9%
SPORTS: Before playing Tarzan in 12 films, Johnny Weissmuller won five Olympic Gold medals for what sport? Swimming
77.6%
Cycling
1.9%
Sprint running
4.1%
Gymnastics
16.1%
JUST FOR FUN: Who comes fourth in this sequence?
Michael Keaton - Michael Keaton - Val Kilmer - ??
George Clooney
76.6%
Ben Affleck
3.6%
Michael Keaton
4.8%
Christian Bale
13.2%
HISTORY: Who was mayor of Carmel-by-the-Sea, California, from 1986 to 1988? Clint Eastwood
68.8%
Arnold Schwarzenegger
10.7%
Paul Newman
10.5%
Warren Beatty
7.5%
HOLIDAY: Which Christmas character has been played on screen by, among others, Albert Finney, Michael Caine, and Jim Carrey? Ebenezer Scrooge
60.9%
Santa Claus
3.1%
The Grinch
29.8%
Jack Frost
1.1%
SCIENCE: Paul Muni won an Oscar for playing which of these scientists? Louis Pasteur
59.2%
Robert Koch
5.8%
Alexander Fleming
27.1%
Ignaz Semmelweis
4%
GAMING: Who played Mario in the 1993 live-action film Super Mario Bros? Bob Hoskins
58%
Danny DeVito
18.4%
John Candy
3.2%
Joe Pesci
16.2%
LANGUAGE: Which actor barely spoke English when he made his first English-language film The Mambo Kings, and had to learn his lines phonetically? Antonio Banderas
51.8%
Javier Bardem
15.6%
Gael García Bernal
7.5%
Benicio del Toro
21.4%
MISCELLANEOUS: Which Oscar-winning actor has voiced the yellow M&M in commercials since 1996? J. K. Simmons
45.1%
Sam Rockwell
16.4%
Alan Arkin
26%
Chris Cooper
10.3%
ENTERTAINMENT: Which actor has announced his intention to win an Emmy, a Grammy, an Oscar, and a Tony, coined the word 'EGOT' for this feat - and has yet to receive a single nomination for any of the four awards? Philip Michael Thomas
38.5%
Richard Dean Anderson
17.9%
Jeremy Jackson
14.4%
Tom Selleck
24.6%
MOVIES: Which of these film epics has an all-male cast, with not a single credited female actress? Lawrence of Arabia
33.8%
Saving Private Ryan
48.7%
Ben-Hur
14.2%
Gandhi
2.3%
GEOGRAPHY: Which of these actors was born in Africa? Hugo Weaving
29.6%
Ben Kingsley
53.7%
Steven Seagal
9.6%
Bill Paxton
6.8%
LITERATURE: For which film did writer Truman Capote receive a Golden Globe nomination for Best Acting Debut in a Motion Picture - Male? Murder by Death
26.2%
Breakfast at Tiffany's
49.1%
It's a Mad, Mad, Mad, Mad World
14.7%
Love and Death
6.7%
RELIGION: In the epic historical drama The Message about the life of the prophet Muhammad, who played the film's central character, the prohet's uncle Hamza? Anthony Quinn
23.5%
Omar Sharif
56%
Kirk Douglas
6.6%
Charlton Heston
9%
Remove Ads.
Support Sporcle.
Get the best of Sporcle when you Go Orange. This ad-free experience offers more features, more stats, and more fun while also helping to support Sporcle. Thank you for becoming a member.

You're not logged in!

Compare scores with friends on all Sporcle quizzes.
OR
Log In

Show Comments

Extras

Top Quizzes Today


Score Distribution

Your Account Isn't Verified!

In order to create a playlist on Sporcle, you need to verify the email address you used during registration. Go to your Sporcle Settings to finish the process.

Report this User

Report this user for behavior that violates our Community Guidelines.

Details: